000 00596nam a2200181Ia 4500
008 100917s9999 xx 000 0 und d
082 _b9543
100 _aगावडे प्र. ल.
245 _aसावरकर अेक चिकित्सक अभ्यास
260 _b---
_c1970
300 _a613
365 _b25
520 _aनिबंध
630 _aसावरकर अेक चिकित्सक अभ्यास
650 _aनिबंध
730 _aसावरकर अेक चिकित्सक अभ्यास
942 _cBOOK
999 _c614937
_d614934